| 000 | 01100cam a22003257a 4500 | ||
|---|---|---|---|
| 003 | CHAP | ||
| 005 | 20250613131303.0 | ||
| 008 | 971013s1972 mx r 00010 spa d | ||
| 010 | _a23846 | ||
| 011 | _a24818 | ||
| 035 | _a28918 | ||
| 040 | _cCHAP | ||
| 090 | _aFolleto 5148 | ||
| 110 |
_aComisión Nacional de Fruticultura. México _925772 |
||
| 245 | 1 | 3 |
_aLa piña _b: aspectos de su cultivo y aprovechamiento |
| 260 |
_aMéxico, D. F. : _b(s.e.), _c1972 |
||
| 300 | _a19 p. | ||
| 490 | 0 |
_aSerie de divulgación _v; 3 |
|
| 590 |
_aBATCH-UPD _b10 _c20130110 _lUCH01 _h1112 |
||
| 590 |
_aBATCH-UPD _b10 _c20130410 _lUCH01 _h0703 |
||
| 590 |
_aBATCH-UPD _b10 _c20130914 _lUCH01 _h1914 |
||
| 590 |
_aCONVERSION _b10 _c20130109 _lUCH01 _h1314 |
||
| 650 | 1 | 7 |
_aPiña (Ananas comosus) _2 _988387 |
| 830 | 0 |
_aSerie de divulgación _v; 3 _9104706 |
|
| 901 | _aBK | ||
| 942 | _cFOLL | ||
| 949 |
_aFolleto 5148 _bBC _cFOLL _d-66857 _eTS1 _i28918 _mD _si |
||
| 949 |
_aFolleto 5148 _bBC _cFOLL _d289182 _eTS2 _fc.2 _gDonaciØn _i28918 _si |
||
| 949 |
_aFolleto 5148 _bBC _cFOLL _d33724002239280 _eTS2 _fc.3 _gDonaciØn _i28918 _sb |
||
| 999 |
_c23846 _d23846 |
||